Wine A-Z - Statistics

General Stats
  • This quiz has been taken 17 times
  • The average score is 8 of 26
Answer Stats
Initial Clue Answer % Correct
A Eastern French region known for its Gewürztraminer Alsace
79%
P Common red grape, a French term derived from words for "pine" and "black" Pinot noir
71%
B French wine from Burgundy, with well-known "Nouveau" and "Villages" bottles Beaujolais
64%
C The world's most common type of grape used in wine production, it yields full-bodied reds Cabernet Sauvignon
64%
R Well-known German grape variety also grown along the Rhine valley in France Riesling
64%
Z Popular grape type often used in California for production of rosé Zinfandel
64%
T The main red grape used in Spain, especially in La Rioja Tempranillo
57%
S Green grape producing a crisp, dry variety of white Sauvignon Blanc
50%
E German term, meaning "ice wine", for a dessert wine which uses frozen grapes in its production Eiswein
43%
F Italian word which means lightly sparkling Frizzante
43%
G Widespread red grape variety with a French name which suggests it may lead to a sore head Grenache
43%
U Italian region noted for wines based on the Sangiovese grape Umbria
36%
H With a first word meaning "upper", this is an Appellation d'Origine Contrôlée for a Bordeaux area on the left bank of the Gironde estuary Haut-Médoc
29%
Y Chateau in the Bordeaux region producing a premier cru superieur Yquem
29%
J Spanish city and province which gives its name to a grape variety Jaén
14%
O Wine from coastal Abruzzo whose name indicates it is from the town of Ortona Ortonese
14%
V Major viticultural zone of the province of Verona, Italy, east of Lake Garda Valpolicella
7%
D Côtes du Rhône estate, a name meaning "domain of beautiful fox" Domaine de Beaurenard
0%
I Sangiovese merlot with an Italian name which means "the third degree" Il Terzo Grado
0%
K Vineyard in the Italian Alps whose German name means cellar - an unusual antler may also be seen here Kellerei Terlan
0%
L Burgundy estate whose name means the thatch of the wine sediment La Chaume de Lies
0%
M Savoie vineyard, translated as house of the female slaters Maison des Ardoisieres
0%
N North Portuguese vineyard whose name is Dutch for "new harbour" Niepoort
0%
Q Lost conquistador at highly-reputed Douro Valley vineyard in Portugal Quinta do Crasto
0%
W Moselle vineyard in Germany whose name contains terms indicating "good", "doctor" and "slacken" Weingut Dr. Loosen
0%
X Wine beginning with a common Spanish surname; it comes from the plains, and is fermented with added moxie and a touch of Zen Ximenez Spinola
0%
No matching quizzes found
Score Distribution
Percent of People with Each Score
Percentile by Number Answered
Your Score History
You have not taken this quiz